00606nam a2200181 a 4500008004100000020001500041050001800056100002700074245004400101246006400145260004000209300002100249350000900270650002900279650001400308650005500322650004700377120416s1995 ||||||||||||||||| || u a0821331671 aHC 800.Z9 Soc aMarc, Alexandre, 1956-10aSocial action programs and social funds aa review of design and implimentation in Sub-Saharan Africa aWashington, D. C.bWorld Bankc1995 axv, 155p. : ill. a0.00 aPOOR--AFRICA, SUBSAHARAN 0aECONOMICS aECONOMIC ASSISTANCE, DOMESTIC--AFRICA, SUB-SAHARAN aCOMMUNITY DEVELOPMENT--AFRICA, SUB-SAHARAN